Normal view
MARC view
- Arbitration and award
Entry Topical Term
001 - CONTROL NUMBER
- control field: 128322
003 - CONTROL NUMBER IDENTIFIER
- control field: NUST
005 - DATE AND TIME OF LATEST TRANSACTION
- control field: 20250314115951.0
008 - FIXED-LENGTH DATA ELEMENTS
- fixed length control field: 250314|| aca||aabn | a|a d
040 ## - CATALOGING SOURCE
- Original cataloging agency: NUST
- Transcribing agency: NUST
150 ## - HEADING--TOPICAL TERM
- Topical term or geographic name entry element: Arbitration and award
- Geographic subdivision: Scotland
670 ## - SOURCE DATA FOUND
- Source citation: Work cat.: (NUST)0: Yu, Hong-Lin, author. 128321, Commercial arbitration :
